Sustainable rubber production through good latex harvesting practices: An update on mature rubber fertilization effects on latex cell biochemistry and rubber yield potential (Record no. 70080)

MARC details
000 -LEADER
fixed length control field 00682nam a2200133Ia 4500
100 ## - MAIN ENTRY--AUTHOR NAME
Personal name Gohet E
245 #0 - TITLE STATEMENT
Title Sustainable rubber production through good latex harvesting practices: An update on mature rubber fertilization effects on latex cell biochemistry and rubber yield potential
260 ## - PUBLICATION, DISTRIBUTION, ETC. (IMPRINT)
Name of publisher International Workshop on Latex Harvesting Technology: Sustainable Rubber Production through Good Application Practices of Latex Harvesting Technology, 18-22 November 2013, IRRDB-IRV, Binh Duong, Vietnam.
650 ## - SUBJECT ADDED ENTRY--TOPICAL TERM
Topical Term Latex cell biochemistry
650 ## - SUBJECT ADDED ENTRY--TOPICAL TERM
Topical Term Latex harvesting technology
650 ## - SUBJECT ADDED ENTRY--TOPICAL TERM
Topical Term Rubber yield
942 ## - ADDED ENTRY ELEMENTS (KOHA)
Koha item type Journals
Holdings
Withdrawn status Lost status Damaged status Not for loan Home library Current library Shelving location Date acquired Koha item type
      Journals RRII Library RRII Library LHT 11/07/2014 Journals